00880nam a2200265Ia 4500001000600000003000900006008004100015040001300056040001300069041001300082100001800095100002900113245005800142245005300200250001100253260001000264260001300274260004900287300005700336500010200393650004200495650003100537700001700568700002900585B3460IT-RoPAU130308s9999 xx 000 0 und d aIT-RoPAU cIT-RoPAU aFRANCESE aHenao Martine gCodice Aut. SPICS: 37636 aFormation, autoformation: deux programmes specialises bPublics Specifiques et Communication Specialisee a1a ed. aPARIS bHachette c1990 [1° Ed.:1990 - Ed.Ling.Originale:1990] a"8 p. (prefazione: no ; testo: 8 [pagine: 115-122])" aFormazione e Autoformazione: Due programmi Specializzati per Universitari di Lingua Non Francese. aPEDAGOGIA DELLA COMUNICAZIONE SOCIALE eCodice materia Spics: 3804 aEurin Simone gCodice Aut. SPICS: 37637